Revisión del diseño estructural de pavimento articulado para los módulos comunitarios de adoquinado no. 14 y no.15 ubicado en carretera El Cuá-San José de Bocay con las normas Centroamericanas para el diseño de pavimentos, SIECA 2002

Presenta el diseño estructural de pavimento articulado para los módulos comunitarios de adoquinado no. 14 y no. 15 ubicados en carretera El Cua-San José de Bocay, utilizando las normas de Manual Centroamericano para el Diseño de Pavimentos, SIECA-2002. Asimismo se realiza estudios del suelo a l...

Full description

Bibliographic Details
Main Authors: Gadea Estrada, Miguel Ángel, Hurtado Talavera, Leónidas Yael
Other Authors: Tutor: Bustamante Arteaga, José Fernando
Format: Tesis Section = Libro
Language:Undetermined
Spanish
Published: Managua UNI 2016
Subjects:
LEADER 01401nam a2200265Ia 4500
008 240830s9999 xx 000 0 und d
040 |a BIBLIOTECA-RUPAP Mon 625.85 G124 
041 |a spa 
082 |a Mon 625.85 G124 
100 1 |a Gadea Estrada, Miguel Ángel 
100 1 |b  Hurtado Talavera, Leónidas Yael 
245 1 0 |a Revisión del diseño estructural de pavimento articulado para los módulos comunitarios de adoquinado no. 14 y no.15 ubicado en carretera El Cuá-San José de Bocay con las normas Centroamericanas para el diseño de pavimentos, SIECA 2002 
260 |a Managua  |b UNI  |c 2016 
300 |a 89 p. :il. 
500 |a Contiene: anexos e Incluye: CD. 
502 |a Tesis (Ingeniero Civil)- UNI, 2016. 
520 3 |a Presenta el diseño estructural de pavimento articulado para los módulos comunitarios de adoquinado no. 14 y no. 15 ubicados en carretera El Cua-San José de Bocay, utilizando las normas de Manual Centroamericano para el Diseño de Pavimentos, SIECA-2002. Asimismo se realiza estudios del suelo a la línea de sondeo y a los bancos de préstamo de material mediante el uso de las normas AASHTO. 
650 7 |a PAVIMENTOS-DISEÑO 
650 7 |b PAVIMENTOS FLEXIBLES 
650 7 |c PAVIMENTOS DE HORMIGON 
650 7 |d INGENIERIA DE CARRETERAS 
700 1 |a Tutor:  |b Bustamante Arteaga, José Fernando 
942 |c BK  |2 ddc 
991 |a TESIS 
999 |c 16088